BABAMIN ŞARKISI F5 27 (Record no. 1120201)

MARC details
000 -LEADER
sabit uzunluktaki kontrol alanı 00288nam a2200097Ia 4500
001 - KONTROL NUMARASI
kontrol alanı 1120201
005 - EN SON İŞLEMİN TARİH VE ZAMANI
kontrol alanı 20250827004620.0
008 - SABİT-UZUNLUKTA VERİ ÖĞELERİ--GENEL BİLGİ
sabit uzunluktaki kontrol alanı 250824s9999 xx 000 0 und d
245 #0 - ESER / YAZAR
ESER ADI BABAMIN ŞARKISI F5 27
Yazar Adı İSMAİL ÖZEN
260 ## - YAYIN, DAĞITIM, VB.
YAYIN EVİ KETEBE YAYINEVİ
Holdings
Düşüm durumu Kayıp durumu Hasar Durumu Ödünç verilmez Ana kütüphane Geçerli Kütüphane Edinilen tarih Toplam ödünç verme sayısı Barkod Son görüntüleme tarihi Fiyatın geçerli olmaya başladığı tarih Koha materyal türü
        MEHMET ZAHİD KOTKU KIZ ANADOLU İMAM HATİP LİSESİ MEHMET ZAHİD KOTKU KIZ ANADOLU İMAM HATİP LİSESİ 24.08.2025   10934286 27.08.2025 27.08.2025 Books